| 000 | 00578nam a2200193Ia 4500 | ||
|---|---|---|---|
| 005 | 20250508165451.0 | ||
| 008 | 008 250505s9999 xx 000 0 hin d | ||
| 037 | _aTextual | ||
| 040 |
_aFEDL _beng _cFEDL |
||
| 041 |
_ahin _2hin |
||
| 084 |
_a891.43, CHA _qFEDL |
||
| 100 | _aChaturvedi Ramswaroop | ||
| 245 | 0 | _aSahitya ke naye daitava: Sanchar- sadhan aur kala-madhyamon ke sandharbh mein | |
| 260 |
_aAllahabad, India _bLokbharati Prakashan _c1991 |
||
| 300 | _a95p. | ||
| 365 |
_aINR _b625 |
||
| 942 |
_cTEXL _h891.43, CHA |
||
| 999 |
_c1395261 _d1395261 |
||